000 00614cam a22002053a 4500
001 42875
003 PGUSA
005 20140828083955.0
008 130604s2013||||xxu|||||s|||||000 | eng d
040 _aPGUSA
_beng
042 _adc
100 1 _aPraeger, Ferdinand Christian Wilhelm,
_d1815-1891
245 1 0 _aWagner as I Knew Him
_h[electronic resource] /
_cFerdinand Christian Wilhelm Praeger
260 _bProject Gutenberg,
_c2013
506 _aPublic domain in the USA.
516 _aElectronic text
830 0 _aProject Gutenberg
_v42875
856 4 0 _uhttp://www.gutenberg.org/ebooks/42875
942 _cEB
999 _c272127
_d272127